000 00454nab a22001457 4500
003 ES-SlBCS
005 20240720134135.0
008 240720s2024 sp ||||| |||| 00| 0 spa d
040 _aES-SlBCS
_bspa
041 _aspa
100 1 _aSparks, Tanisha
_9426614
245 1 0 _aPrácticas médicas racistas y su impacto en las mujeres afroamericanas
_cTanisha Sparks
773 0 _gRev. 406, 2024, págs. 85-96
_tConcilium
_wRev134
_x0210-1041
942 _2lcc
_cAR
999 _c897102
_d897102